00496cam a22001812 45000010011000000030004000110050017000150080041000320200023000730400015000960500026001111000024001372450061001612600039002223000013002616500020002747000020002940000008583OSt20190228113855.0080428s xx 000 0 eng d a1473725393 :c4894 aKABUcKABU 0aHB172b.M36 2017 c.11 aMankiw, N. Gregory.10aMicroeconomics. /cN. Gregory Mankiw and Mark P. Taylor. aLondon :bThomson Learning,c2017. ax, 423p. 0aMicroeconomics.1 aTaylor, Mark P.